000 00882nam a2200253Ia 4500
003 OSt
005 20220926004847.0
006 a|||||r|||| 00| 0
007 ta
008 220923b |||||||| |||| 00| 0 eng d
020 _a9788132111238
_c1270.75
037 _bG-4550/13-14, 20/03/2014, Manohar Publishers & Distributors
_cGeneral Book
040 _aRTL
_cRTL
_beng
041 _2eng
_aeng
082 _aY5927.2, Q3
100 _aCHANNA Subhadra Mitra
_9300257
245 0 _aLife as a dalit
_b views from the bottom on caste in India
260 _a New Delhi
_bSage
_c2013
300 _axi, 438p.
_ccm.
500 _aBibliography: P 194-216
700 _a MENCHER Joan P
_9298924
942 _hY5927.2, Q3
_cGB
_2CC
999 _c612414
_d612414